Score 0/18 Timer 02:00
0 Plays Today
Hint Title % Correct
Cats & _____Dogs
97.8%
Stuart _____Little
97.5%
George of the _____Jungle
95.9%
_____ and the ChipmunksAlvin
95.3%
_____ Hills ChihuahuaBeverly
92%
The Chronicles of Narnia: The _____, The Witch, and the WardrobeLion
91.7%
_____: Pig in the CityBabe
87.1%
_____ FarmAnimal
85.8%
Look Who's _____ NowTalking
83.8%
Hint Title % Correct
Doctor _____Dolittle
83.5%
_____ Bound: The Incredible JourneyHomeward
80.8%
_____ in BlackMen
76%
The _____ CompassGolden
73.7%
Kangaroo _____Jack
70%
_____ & OtisMilo
47.4%
Howard the _____Duck
45.5%
Racing _____Stripes
40.2%
The _____ DogShaggy
28.8%

Today's Daily Dose

Remove Ads.
Support Sporcle.
Get the best of Sporcle when you Go Orange. This ad-free experience offers more features, more stats, and more fun while also helping to support Sporcle. Thank you for becoming a member.

You're not logged in!

Compare scores with friends on all Sporcle quizzes.
OR
Log In

Show Comments

Extras

Top Quizzes Today


Score Distribution

Your Account Isn't Verified!

In order to create a playlist on Sporcle, you need to verify the email address you used during registration. Go to your Sporcle Settings to finish the process.

Report this User

Report this user for behavior that violates our Community Guidelines.

Details: